| 000 | 00598nam a2200193 u 4500 | ||
|---|---|---|---|
| 005 | 20210223132746.0 | ||
| 008 | 151022s2000 cl r 000 0 spa d | ||
| 020 | _a9586811530 | ||
| 035 | _aUPN01000206245 | ||
| 049 | _aI | ||
| 050 | 4 |
_aTS542.5 _bC3.4 |
|
| 100 | 1 |
_aCarrizosa Castro, Enrique, _d1928- _938207 |
|
| 245 | 1 | 0 |
_aJulián el Angel Guardián y sus amigos los relojes / _cEnrique Carrizosa Castro. |
| 260 |
_aBogotá : _bMigema, _cc2000. |
||
| 300 |
_a12 p. : _bil. col. |
||
| 440 | 0 | _aJulián el Angel Guardián | |
| 650 | 4 |
_aRELOJES - _vLITERATURA INFANTIL _924530 |
|
| 905 | _aInfantil | ||
| 999 |
_c178346 _d178346 |
||